000 01799nam0a2200361 4500
001 RU\NLR\bibl\963741
005 20260405111652.0
021 _aRU
_b2006-26341
_91308
035 _a(nilc)RSL-KNO-002883661
035 _a(NLR Aleph) 000951755
090 _a284124
_c284124
100 _a20060511d2005 |||y0rusy50 ca
101 0 _arus
102 _aRU
105 _ay |||||||||
106 _ar
200 1 _aАэрозоли
_eучеб. пособие для студентов, обучающихся по специальностям 020101 - "Химия"
_fЕ. Д. Таныгина, П. Н. Бернацкий
_gФедер. агентство по образованию, Тамбов. гос. ун-т им. Г. Р. Державина
210 _aТамбов
_cИзд-во ТГУ
_d2005
_eТамбов
_gИзд-во ТГУ
215 _a151 с.
_cил., табл.
_d21
320 _aБиблиогр.: с. 150
606 1 _aАэрозоли
_jУчебные издания для высших учебных заведений
_9966825
_3RU\NLR\auth\6643112
610 0 _aХимические науки -- Коллоидная химия -- Коллоидные системы -- Гетерогенные (лиофобные) коллоидные системы -- Аэрозоли -- Учебник для высшей школы
686 _aГ632я731-1
_2rubbk
686 _aГ632я73-1
700 1 _4070
_8rus
_7ca
_aТаныгина
_bЕ. Д.
_f1960-
_gЕлена Дмитриевна
_3RU\NLR\AUTH\7742612
_925555
701 1 _aБернацкий
_bП. Н.
_gПавел Николаевич
_4070
801 0 _aRU
_bРКП
_c20060511
_grcr
801 1 _aRU
_bРГБ
_c20060511
801 2 _aRU
_bNLR
_c20060630
_grcr
830 _aпо кн
942 _cBOOK
980 _aNB